000 00325nam a22001337a 4500
020 _a9780062641540
082 _a158.1
_bMAN
100 _aManson,Mark
245 _aThe subtle art of not giving a fuck
260 _aNewyork:
_bHarper One Publishers,
_c2016.
300 _a212p. :
563 _aPB
942 _2ddc
_cBK
999 _c614586
_d614586